000 00273nam a2200109Ia 4500
008 190216s9999||||xx |||||||||||||| ||und||
100 _aSaxena R G
245 0 _aPrinciples And Practice Of Auditing
260 _bHimalaya Publishing House
_c1999
300 _a497p
942 _cBK
999 _c3862
_d3862